Teilhard de Chardin et le socialisme
Guardat en:
| Autor principal: | |
|---|---|
| Format: | Llibre |
| Idioma: | francès |
| Publicat: |
Lyon
Chronique Sociale de France
1966
|
| Edició: | 2a. ed |
| Col·lecció: | Le Fond du Probleme
|
| Matèries: | |
| Etiquetes: |
Afegir etiqueta
Sense etiquetes, Sigues el primer a etiquetar aquest registre!
|
MARC
| LEADER | 00000nam a2200000 a 4500 | ||
|---|---|---|---|
| 001 | UCS9550 | ||
| 003 | CL-VaPUC | ||
| 008 | 971121e19660000FR |||||||||||||||||fre|d | ||
| 082 | 0 | 4 | |a 261.7 |b COF |2 21 |
| 100 | 0 | |a Coffy, Robert |e author |9 394722 | |
| 245 | 1 | 0 | |a Teilhard de Chardin et le socialisme |
| 250 | |a 2a. ed | ||
| 300 | |a 175 p | ||
| 942 | |c BK | ||
| 945 | |d 19971121 00:00:00 |a jquezada | ||
| 260 | |a Lyon |b Chronique Sociale de France |c 1966 | ||
| 600 | 0 | 7 | |a TEILHARD DE CHARDIN, PIERRE |2 CL-VaPUC |9 315457 |
| 650 | 0 | |a Cristianismo |9 257361 | |
| 650 | 0 | |a Socialismo |9 255260 | |
| 650 | 0 | |a Fenomenología |9 256519 | |
| 650 | 0 | |a Sociedad |9 307903 | |
| 650 | 0 | |a Trabajo |9 313876 | |
| 650 | 0 | |a Libertad |9 255686 | |
| 650 | 0 | |a Socialismo e Iglesia Católica |9 314650 | |
| 583 | |a last modification |c 19971121 00:00:00 |k Rodrigo Vera | ||
| 490 | 0 | |a Le Fond du Probleme | |
| 999 | |c 263333 |d 263331 | ||
| 952 | |0 0 |1 0 |4 0 |6 261_700000000000000_COF_1966 |7 0 |8 A |9 292563 |a BIBTEO |b BIBTEO |d 2019-11-19 |i 3368068 |o 261.7 COF 1966 |p 3368068 |r 2025-01-17 |w 2019-11-19 |y BK |k ICR | ||